| 000 | 00730nam a2200217 u 4500 | ||
|---|---|---|---|
| 001 | 000238694 | ||
| 003 | AM-YeHGA | ||
| 005 | 20250617124727.0 | ||
| 008 | 030623s1994 ai r 000 0 arm d | ||
| 020 | _a5807909216 | ||
| 040 | _aAM-YeHGA | ||
| 100 | 1 | _aԴավթյան, Ավետիս Խաչատուրի. | |
| 245 | 1 | 0 |
_aՋավախք : _b[Պատմական ակնարկ] / _cԱ.Խ. Դավթյան; Խմբ.՝ Ռ.Ա. Նահատակյան. |
| 260 |
_aԵրևան : _bՄանկավարժ, _c1994. |
||
| 300 |
_a110 էջ : _bդիմանկ. ; _c20 սմ. |
||
| 504 | _aՏողատակի մատենագիտ. ծանոթագր. | ||
| 650 | 1 | 4 |
_aՊատմություն _zՋավախք |
| 651 | 0 | _aՋավախք | |
| 090 | _c85770 | ||
| 942 | 0 | 0 | _01 |
| 999 |
_c84493 _d84493 |
||